| 000 | 00575nam a22001937a 4500 | ||
|---|---|---|---|
| 999 |
_c11410 _d11410 |
||
| 003 | AR-CdUCM | ||
| 008 | 190403b ||||| |||| 00| 0 spa d | ||
| 040 |
_aMUNICIPALIDAD PROVINCIAL DEL CUSCO _cBIBLIOTECA MUNICIPAL DEL CUSCO |
||
| 082 |
_aES / 373.780 / _bM94 |
||
| 100 |
_aMuñoz Gómez, Fernando _928758 |
||
| 245 |
_aMúsica 2 : _bEducación artística / |
||
| 260 |
_aLima : _bBruño, |
||
| 300 |
_a143 paginas _c24 cm. |
||
| 505 | _aContenido :Música 2 | ||
| 650 |
_aMúsica _91443 |
||
| 650 |
_aEducación secundaria _94648 |
||
| 942 |
_2ddc _cLIBROS |
||
| 945 | _arum | ||